000 00440nam a2200145 i 4500
001 45350
003 ES-MaACL
007 t|
008 030325s1974 sp ||||1| spa d
110 2 _aColegio Oficial de Arquitectos de Madrid.
_92958
245 1 0 _aLibro blanco /
_cColegio Oficial de Arquitectos de Madrid.
260 _a[Madrid :
_bs.n.,
_c1974] (
_fHernández)
300 _aVII, 368 p. ;
_c26 cm.
852 _aES-MaACL
_jE-7463
_bR.91772
999 _c45350
_d45350